| 000 | 01176nam a22003257a 4500 | ||
|---|---|---|---|
| 003 | CHAP | ||
| 005 | 20220329133331.0 | ||
| 008 | 971013s1988 r 00010 d | ||
| 010 | _a5061 | ||
| 011 | _a6033 | ||
| 035 | _a5251 | ||
| 040 | _cCHAP | ||
| 082 |
_a631.7 _bI8 |
||
| 110 |
_aIstituto Sperimentale por La Nutrizione Delle Piante. Roma _960660 |
||
| 245 | _aData processing in crop water management note II. A. comparison between the method proposed by the Institute and those deriving from the application of Penman formula | ||
| 260 |
_aRoma : _bThe Institute, _c1988 |
||
| 300 |
_a99 p. _b; gráfs. |
||
| 500 | _a55-196 | ||
| 590 |
_aBATCH-UPD _b10 _c20130110 _lUCH01 _h1746 |
||
| 590 |
_aBATCH-UPD _b10 _c20130410 _lUCH01 _h1124 |
||
| 590 |
_aBATCH-UPD _b10 _c20130914 _lUCH01 _h1116 |
||
| 590 |
_aCONVERSION _b10 _c20130109 _lUCH01 _h1304 |
||
| 650 | 1 | 4 |
_aCultivos y clima. _930392 |
| 650 | 1 | 4 |
_aCultivos _xRendimiento. _930318 |
| 650 | 1 | 4 |
_aIrrigación _xModelos matemáticos. _960431 |
| 650 | 1 | 4 |
_aProcesamiento automático de datos en irrigación. _991796 |
| 901 | _aBK | ||
| 942 | _cLIBRO | ||
| 949 |
_a631.7 I8 _bBC _cLIBRO _d33724000167029 _eLIBRO _h81992 _i5251 _si |
||
| 999 |
_c5061 _d5061 |
||